DTM Fahrer 2007 - Statistiken

Allgemein
  • Dieses Quiz wurde 5 mal gespielt
  • Das Durchschnittsergebnis liegt bei 16 aus 24
Antwortstatistiken
Team Nummer Marke Nation Fahrer % Korrekt
Original-Teile AMG-Mercedes 1 Mercedes Deutschland Bernd Schneider
100%
DaimlerChrysler Bank AMG-Mercedes 2 Mercedes Kanada Bruno Spengler
100%
Laureus AMG-Mercedes 9 Mercedes Großbritannien Gary Paffett
100%
Trilux AMG-Merceses 18 Mercedes Österreich Mathias Lauda
100%
Audi Sport Team Abt Sportsline 3 Audi Schweden Mattias Ekström
100%
Salzgitter AMG-Mercedes 6 Mercedes Finnland Mika Häkkinen
100%
Audi Sport Team Abt(7) 7 Audi Dänemark Tom Kristensen
100%
Salzgitter AMG-Mercedes 5 Mercedes Großbritannien Jaime Green
80%
Audi Sport Team Abt Sportsline 4 Audi Deutschland Martin Tomczyk
80%
JAWA4U.de AMG-Mercedes 19 Mercedes Großbritannien Paul di Resta
80%
Audi Sport Team Abt 8 Audi Deutschland Timo Scheider
80%
Audi Sport Team Phoenix(9) 17 Audi Frankreich Alexandre Premat
60%
Audi Sport Team Phoenix 16 Audi Deutschland Christian Abt
60%
Audi Sport Team Abt(2) 7 Audi Deutschland Markus Winkelhock
60%
Futurecom TME(5) 20 Audi Deutschland Markus Winkelhock
60%
Futurecom TME 21 Audi Belgien Vanina Ickx
60%
Stern AMG-Mercedes 10 Mercedes Griechenland Alexandros Margaritis
40%
Audi Sport Team Abt(1) 7 Audi Deutschland Frank Biela
40%
Audi Sport Team Phoenix(1) 17 Audi Deutschland Marco Werner
40%
Audi Sport Team Rosberg 11 Audi Deutschland MIke Rockenfeller
40%
TV-Spielfilm AMG-Mercedes 14 Mercedes Großbritannien Susie Stoddart
40%
Futurecom TME(5) 20 Audi Großbritannien Adam Carroll
20%
TrekStor AMG-Mercedes 15 Mercedes Deutschland Daniel la Rosa
20%
Audi Sport Team Rosberg 12 Audi Deutschland Lucas Luhr
20%
Keine übereinstimmenden Quizze gefunden
Verteilung der Resultate
Anzahl Personen mit jedem Resultat
Perzentil nach korrekt beantworteten Fragen
Ihre Resultats-Entwicklung
Sie haben dieses Quiz noch nicht gespielt